| 000 | 00775nam a2200229Ia 4500 | ||
|---|---|---|---|
| 001 | 9004 | ||
| 003 | GE_BSU | ||
| 008 | 181216s||||||||xx |||||||||||||| ||und|| | ||
| 020 | _cხელნაწერის უფლებით | ||
| 040 | _cGE_BSU | ||
| 100 | _aკლდიაშვილი,სერგო | ||
| 245 | _aგმირთა თაობა | ||
| 245 | _bპიესა 4 მოქმედებად. | ||
| 245 | _cრედ.გრ.კოკელაძე. | ||
| 260 | _aთბილისი | ||
| 260 | _bხალხური შემოქმ.კაბინეტის გამ–ბა | ||
| 260 | _c1937 | ||
| 300 | _a96გვ.17სმ. | ||
| 653 | _aგმირთა თაობა | ||
| 653 | _aპიესა | ||
| 942 | _cBK | ||
| 999 |
_c42309 _d42309 |
||